Athanase 1er de Constantinople et la succession de Montferrat
Αποθηκεύτηκε σε:
| Κύριος συγγραφέας: | |
|---|---|
| Μορφή: | Βιβλίο |
| Γλώσσα: | French |
| Δημοσίευση: |
Bruxelles :
[s.n.],
1973.
|
| Θέματα: | |
| Ετικέτες: |
Προσθήκη ετικέτας
Δεν υπάρχουν, Καταχωρήστε ετικέτα πρώτοι!
|
MARC
| LEADER | 00000cam a2200000 a 4500 | ||
|---|---|---|---|
| 001 | 1/121500 | ||
| 008 | 200605s1973####be |||||||||||||| ||fre|| | ||
| 040 | |a GR-MyUa |b gre |c GR-MyUa |e AACR2 | ||
| 041 | 0 | |a fre | |
| 082 | 7 | |a 938.382 |2 (23) | |
| 100 | 1 | |a Laiou, Angeliki E. | |
| 245 | 1 | 0 | |a Athanase 1er de Constantinople et la succession de Montferrat |h [ανάτυπο] / |c A. E. Laiou. |
| 260 | |a Bruxelles : |b [s.n.], |c 1973. | ||
| 300 | |a 603-606 σ. ; |c 24 εκ. | ||
| 500 | |a Ανάτυπο από το Byzantion, τ. XLII (1972), Fasc. 2. | ||
| 651 | 0 | |a Byzantine Empire |x History |y 1081-1453. | |
| 852 | |a INST |b LESVOS |e 20200605 |h 938.382 LAI |p 005100062371 |q 005100062371 |t BK |y 0 | ||
| 920 | |a Λαΐου |b Αγγελική |y Λέσβος |z 2007-03 | ||
| 970 | |a Καμάτσου |b Δέσποινα |z 05-06-2020 | ||